Normal view
MARC view
- المجالس المحلية
Entry Topical Term
001 - CONTROL NUMBER
- control field: 31355
003 - CONTROL NUMBER IDENTIFIER
- control field: JO-AjAnu
005 - DATE AND TIME OF LATEST TRANSACTION
- control field: 20230606075300.0
008 - FIXED-LENGTH DATA ELEMENTS
- fixed length control field: 230606|| aca||aabn | a|a d
040 ## - CATALOGING SOURCE
- Original cataloging agency: JO-AjAnu
- Transcribing agency: JO-AjAnu
150 ## - HEADING--TOPICAL TERM
- Topical term or geographic name entry element: المجالس المحلية
670 ## - SOURCE DATA FOUND
- Source citation: Work cat.: (JO-AjAnu)16101: الزعبي ، خالد سمارة , author 31354, تشكيل المجالس المحلية وائرة على كفايتها في نظم الادارة المحلية " دراسة مقارنة "